Régimen jurídico de la Compensación por Tiempo de Servicios. (Registro nro. 22641)
[ vista simple ]
| 000 -Cabecera | |
|---|---|
| Campo de control interno | 02832nam a2200325 4500 |
| 001 - Número de control | |
| control field | ESSALUD |
| 005 - Fecha y hora de la última transacción | |
| Campo de control | 20260703125256.0 |
| 007 - Tipo material - Descripcion fisica - info general | |
| Tipo material - Descripcion fisica - info general | ta |
| 008 - Elementos de Longitud Fija - Información General | |
| Elementos de Longitud Fija - Información | t pe ||||| |||| 00| 0 spa d |
| 040 ## - Origen de la Catalogación | |
| Origen de la Catalogación | BMG |
| 041 ## - Idioma | |
| Idioma | spa |
| 100 ## - Autor | |
| Autor | Valderrama Valderrama, Luis Ricardo |
| Rol del Autor | Autor |
| 9 (RLIN) | 49171 |
| 245 ## - Titulo | |
| Titulo | Régimen jurídico de la Compensación por Tiempo de Servicios. |
| Subtitulo | Determinación, cálculo y nuevas reglas de disposición de los fondos |
| 246 ## - Variante del Titulo | |
| Titulo | Legal regime of the compensation for length of service, |
| Subtitulo | Determination, ca lculation, and new rules for t he use of fu nds |
| 300 ## - Páginas | |
| Paginación | páginas 87-104 |
| 520 ## - Resumen | |
| Resumen | El presente artículo analiza el régimen jurídico de la Compensación por<br/>Tiempo de Servicios (CTS) en el ordenamiento laboral peruano, destacando su naturaleza<br/>previsional y su función de protección frente al desempleo. Se examina el marco<br/>normativo aplicable, los requisitos para acceder al beneficio, las reglas sobre su depósito,<br/>cálculo y remuneración computable, así como las particularidades de diversos<br/>regímenes laborales especiales. Asimismo, se abordan los supuestos de pago directo, la<br/>libre disponibilidad de los fondos y las recientes modificaciones normativas que permiten<br/>el retiro del 100 % de la CTS. Finalmente, se analizan las consecuencias del incumplimiento del empleador y las infracciones administrativas correspondientes. <br/> |
| 520 ## - Resumen | |
| Resumen | This article analyzes the legal regime of the Compensation far Length of Service (CTS) within<br/>the Peruvian labor legal system, highlighting its social security nature and its function as protection<br/>against unemployment. lt examines the applicable regulatory framework, the requirements to access<br/>this benefit, the rules governing its deposit, calculation, and computable remuneration, as well as the<br/>particularities of various special labor regimes. lt also addresses the cases of direct payment, the free<br/>availability of the funds, and recent regulatory amendments that allow the withdrawal of 100% of the<br/>CTS. Finally, the article analyzes the consequences of employer non-compliance and the corresponding<br/>administrative infractions. |
| 650 ## - Temas - Descriptores | |
| Temas - Descriptores | COMPENSACIÓN POR TIEMPO DE SERVICIOS |
| 9 (RLIN) | 4010 |
| 650 ## - Temas - Descriptores | |
| Temas - Descriptores | DERECHO LABORAL PERUANO |
| 9 (RLIN) | 53275 |
| 650 ## - Temas - Descriptores | |
| Temas - Descriptores | REMUNERACIÓN COMPUTABLE |
| 9 (RLIN) | 53278 |
| 650 ## - Temas - Descriptores | |
| Temas - Descriptores | PROTECCIÓN FRENTE AL DESEMPLEO |
| 9 (RLIN) | 53284 |
| 650 ## - Temas - Descriptores | |
| Temas - Descriptores | BENEFICIOS SOCIALES |
| 9 (RLIN) | 53285 |
| 650 ## - Temas - Descriptores | |
| Temas - Descriptores | CAMPENSATION FAR LENGTH OF SERVICE |
| 9 (RLIN) | 53286 |
| 650 ## - Temas - Descriptores | |
| Temas - Descriptores | SOCIAL BENEFITS |
| 9 (RLIN) | 53287 |
| 650 ## - Temas - Descriptores | |
| Temas - Descriptores | PERUVIAN LABOR LAW |
| 9 (RLIN) | 53280 |
| 650 ## - Temas - Descriptores | |
| Temas - Descriptores | COMPUTABLE REMUNERATION |
| 9 (RLIN) | 53288 |
| 650 ## - Temas - Descriptores | |
| Temas - Descriptores | PROTECTION AGAINST UNEMPLOYMENT |
| 9 (RLIN) | 53289 |
| 773 0# - Revista (Relacion con el numero) | |
| Host Biblionumber | 22614 |
| Host Itemnumber | 22626 |
| Ciudad, Editorial | Lima Grupo Praxis Formación Profesional, 2026- |
| Codigo barras item/ejemplar | PRALAB002 |
| Titulo de la Revista | Praxis Laboral & Procesal Laboral |
| Número de control de registro | ESSALUD |
| ISSN | 3119-768X |
| 942 ## - Elementos de Koha | |
| Tipo de Documento | Artículos |
| Fecha procesamiento | 2026-07-02 |
| Catalogador | SQB |
No hay ítems disponibles.